Normal view
MARC view
Entry Personal Name
001 - CONTROL NUMBER
- control field: 16419
003 - CONTROL NUMBER IDENTIFIER
- control field: ARRUPE
005 - DATE AND TIME OF LATEST TRANSACTION
- control field: 20150318114534.0
008 - FIXED-LENGTH DATA ELEMENTS
- fixed length control field: 150318|| aca||aabn | a|a d
040 ## - CATALOGING SOURCE
- Original cataloging agency: ARRUPE
- Transcribing agency: ARRUPE
100 ## - HEADING--PERSONAL NAME
- Personal name: Jacob, Margaret C.
670 ## - SOURCE DATA FOUND
- Source citation: Work cat.: (ARRUPE): Dobbs B.J.T 16416, Newton and the culture of Newtonianism , 1995